Grid Generation and Adaptive Algorithms /

The papers in this volume are based on lectures given at the IMA Workshop on Grid Generation and Adaptive Algorithms held during April 28 - May 2, 1997. Grid generation is a common feature of many computational tasks which require the discretization and representation of space and surfaces. The pape...

Full description

Bibliographic Details
Main Author: Bern, Marshall W.
Corporate Author: SpringerLink (Online service)
Other Authors: Flaherty, Joseph E., Luskin, Mitchell
Format: eBook
Language:English
Published: New York, NY : Springer New York, 1999.
Series:IMA volumes in mathematics and its applications ; 113.
Subjects:
Online Access:Connect to the full text of this electronic book

MARC

Tag First Indicator Second Indicator Subfields
LEADER 00000cam a2200000Mi 4500
001 in00003577366
006 m o d
007 cr mnu---uuaaa
008 121227s1999 nyu o 000 0 eng
005 20260420212503.8
020 |a 9781461215561 (electronic bk.) 
020 |a 1461215560 (electronic bk.) 
020 |z 9781461271918 
020 |z 1461271916 
035 |a (OCoLC)853271729 
040 |a AU@  |b eng  |e pn  |c AU@  |d OCLCO  |d OCLCQ  |d OCLCO  |d GW5XE  |d OCLCQ  |d OCLCF  |d UtOrBLW 
049 |a TXAM 
050 4 |a QA164-167.2 
072 7 |a PBV  |2 bicssc 
072 7 |a MAT036000  |2 bisacsh 
082 0 4 |a 511.6  |2 23 
100 1 |a Bern, Marshall W. 
245 1 0 |a Grid Generation and Adaptive Algorithms /  |c edited by Marshall W. Bern, Joseph E. Flaherty, Mitchell Luskin. 
264 1 |a New York, NY :  |b Springer New York,  |c 1999. 
300 |a 1 online resource (ix, 189 pages) 
336 |a text  |b txt  |2 rdacontent 
337 |a computer  |b c  |2 rdamedia 
338 |a online resource  |b cr  |2 rdacarrier 
490 1 |a The IMA volumes in mathematics and its applications,  |x 0940-6573 ;  |v 113 
505 0 |a Foreword -- Preface -- hp-finite element procedures on non-uniform geometric meshes: Adaptivity and constrained approximation -- Tetrahedral bisection and adaptive finite elements -- Resolution of boundary layers on triangular meshes -- A general concept of adaptivity in finite element methods with applications to problems in fluid and structural mechanics -- A solution based H1 norm triangular mesh quality indicator -- Experiments with repartitioning and load balancing adaptive meshes -- Distributed octree data structures and local refinement method for the parallel solution of three-dimensional conservation laws -- Adaptive finite element methods for elastostatic contact problems -- The full domain partition approach to parallel adaptive refinement -- Adaptive solution of phase change problems over unstructured tetrahedral meshes. 
520 |a The papers in this volume are based on lectures given at the IMA Workshop on Grid Generation and Adaptive Algorithms held during April 28 - May 2, 1997. Grid generation is a common feature of many computational tasks which require the discretization and representation of space and surfaces. The papers in this volume discuss how the geometric complexity of the physical object or the non-uniform nature of the solution variable make it impossible to use a uniform grid. Since an efficient grid requires knowledge of the computed solution, many of the papers in this volume treat how to construct grids that are adaptively computed with the solution. This volume will be of interest to computational scientists and mathematicians working in a broad variety of applications including fluid mechanics, solid mechanics, materials science, chemistry, and physics. Papers treat residual-based error estimation and adaptivity, repartitioning and load balancing for adaptive meshes, data structures and local refinement methods for conservation laws, adaptivity for hp-finite element methods, the resolution of boundary layers in high Reynolds number flow, adaptive methods for elastostatic contact problems, the full domain partition approach to parallel adaptive refinement, the adaptive solution of phase change problems, and quality indicators for triangular meshes. 
500 |a Electronic resource. 
650 0 |a Mathematics. 
650 0 |a Computer software. 
650 0 |a Combinatorial analysis. 
650 7 |a Combinatorial analysis.  |2 fast  |0 (OCoLC)fst00868961 
650 7 |a Computer software.  |2 fast  |0 (OCoLC)fst00872527 
650 7 |a Mathematics.  |2 fast  |0 (OCoLC)fst01012163 
655 7 |a Electronic books.  |2 local 
700 1 |a Flaherty, Joseph E. 
700 1 |a Luskin, Mitchell. 
710 2 |a SpringerLink (Online service) 
776 1 8 |i Print version:  |z 9781461271918 
830 0 |a IMA volumes in mathematics and its applications ;  |v 113. 
856 4 0 |u http://proxy.library.tamu.edu/login?url=https://link.springer.com/10.1007/978-1-4612-1556-1  |z Connect to the full text of this electronic book  |t 0 
994 |a 92  |b TXA 
999 |a MARS 
999 f f |s 3c70da51-767c-3384-a0fa-65be54a5913b  |i 596d0ff8-2b62-3fe1-bff9-e16896f44d72  |t 0 
952 f f |a Texas A&M University  |b College Station  |c Electronic Resources  |s www_evans  |d Available Online  |t 0  |e QA164-167.2  |h Library of Congress classification 
998 f f |a QA164-167.2  |t 0  |l Available Online